000
00207 a2200097 4500
001
3190
100
_a
Fergusson, B
245
_a
Wavell portrait of A soldier
260
_a
_b
collins
_c
090
_c
2470
_d
2470
942
_a
NUST-CAE
_c
M
_c
16336
999
_c
238263
_d
238263